| 000 | 00826nam a2200229 a 4500 | ||
|---|---|---|---|
| 001 | 000037876 | ||
| 005 | 20250314135209.0 | ||
| 008 | 130307s2007 dr ac 001 0 spa d | ||
| 040 |
_aDO-SdBNP _bspa _cBNPHU |
||
| 082 |
_a320.1 _bV476e |
||
| 100 | 1 |
_aVeras Aybar, Ángel _964321 |
|
| 245 | 1 | 0 |
_aEstado : _baparición, fusión y extinción / _cÁngel Veras Aybar ; prólogo Santiago Castro Ventura. |
| 260 |
_aSanto Domingo : _bVeras Aybar y Asociados, _c2007. |
||
| 300 |
_a267 p. : _bil., retrs. ; _c22 cm. |
||
| 500 | _aIncluye datos biográficos del autor en la contracubierta. | ||
| 504 | _aBibliografía: p.259-267. | ||
| 590 | _aInventariado,2018/DG | ||
| 650 | 0 |
_aEstado _9726 |
|
| 650 | 0 |
_aCiencia política _95772 |
|
| 700 | 1 |
_aCastro Ventura, Santiago _epról. _91837 |
|
| 910 | _aValidado. Control de calidad EMS. | ||
| 999 |
_c37366 _d37366 |
||